| 000 | 00786nam a2200217 i 4500 | ||
|---|---|---|---|
| 001 | 98345 | ||
| 003 | ES-MaACL | ||
| 005 | 20250901073226.0 | ||
| 007 | t| | ||
| 008 | 050728s1957 sp ||||1| spa d | ||
| 100 | 1 |
_aMartín Martínez, Isidoro. _977559 |
|
| 245 | 1 | 3 |
_aEl guión radiofónico / _cIsidoro Martín ; presentación a cargo de Tomás Salvador ; con un radiograma de José-Joaquín Marroquí y un poema radiofónico de José Mª Tavera. |
| 260 |
_aBarcelona : _bFreixa, _c1957. |
||
| 300 |
_a337 p., 6 lám. ; _c22 cm. |
||
| 650 | 7 |
_aGuiones radiofónicos _2embne _9173210 |
|
| 700 | 1 |
_aSalvador, Tomás. _9102080 |
|
| 700 | 1 |
_aMarroquí, José Joaquín. _977084 |
|
| 700 | 1 |
_aTavera Baz, José María. _9109420 |
|
| 852 |
_aES-MaACL _jC-13637 |
||
| 999 |
_c98345 _d98345 |
||